01000nam a2200241 a 450000100100000000500170001000800410002704000250006808200190009310000510011224500680016326000360023130000200026750000630028759000260035065000280037665000290040465000310043391000370046495201170050195201230061899900170074100002768220240412074253.0110404s1981 dr 000 p spa d aDO-SdBNPbspacBNPHU aRD861.44bU15a1 aUbiñas Renville, Juana Guaroa,d1944-95476410aAzuetano :bpoemas y cuentos /cJuana Guaroa Ubiñas Renville. aSanto Domingo :bLibros,c1981. a69 P. ;c21 cm. aIncluye datos biográficos del autor en la contracubierta aInventariado, 2019/LP 0aPoesía dominicana966 0aCuentos dominicanos9176 0aLiteratura dominicana.967 aValidado. Control de calidad MFF 0010718PDaPDbPDcHDd2011-04-04iLF1l0oRD861.44 U15ap27682-10r2020-06-25w2020-06-25yLFPDZNo se presta 0010718PDaPDbPDcHDd2011-04-06iLF1l0oRD861.44 U15ap27682-20r2020-06-25te. 2w2020-06-25yLFPDZNo se presta c27174d27174